| 000 | 00429cam a2200145ua 4500 | ||
|---|---|---|---|
| 003 | OSt | ||
| 008 | 230111b |||||||| |||| 00| 0 eng d | ||
| 041 | _aeng | ||
| 082 |
_a028.763 _bICA/QU |
||
| 245 | _aQuestion papers for the first agricultural research service examination held in March 1976 / | ||
| 250 | _a1 / | ||
| 260 |
_aNew Delhi : _bIndian Council for Agricultural Research , _c1977. |
||
| 300 | _a136 ; . | ||
| 942 | _cBK | ||
| 999 |
_c8942 _d8942 |
||